[Event "?"]
[Site "?"]
[Date "2016.08.13"]
[Round "2.27"]
[White "Krohn, Malte Till"]
[Black "Renner, Michael"]
[Result "1/2-1/2"]
[WhiteElo "1831"]
[BlackElo "1733"]
[PlyCount "48"]
[EventDate "2016.??.??"]
[WhiteTeam "PTSVAachen"]
[BlackTeam "Fideler Bauer Leverkusen"]

1. d4 c5 2. d5 d6 3. Nc3 Bf5 4. e4 Bg6 5. Nf3 Nf6 6. Nd2 Nfd7 7. Be2 e5 8. dxe6
fxe6 9. Bh5 Ne5 10. Bxg6+ Nxg6 11. Nc4 a6 12. a4 Nc6 13. O-O Be7 14. Qg4 d5 15.
exd5 exd5 16. Nd2 d4 17. Nce4 O-O 18. Nf3 Qc8 19. Qh5 Qf5 20. Qxf5 Rxf5 21. Bd2
Rd8 22. a5 c4 23. Ra4 Rb5 24. Rxc4 Rxb2 1/2-1/2

[Event "?"]
[Site "?"]
[Date "2016.08.13"]
[Round "2.28"]
[White "Michels, Holger"]
[Black "Karwatzki, Hans-Jürgen"]
[Result "1-0"]
[WhiteElo "1814"]
[BlackElo "1664"]
[PlyCount "91"]
[EventDate "2016.??.??"]
[WhiteTeam "SG Mörsdorf-Lahr"]
[BlackTeam "SF Stadtverwaltung Bonn"]

1. c4 e5 2. Nc3 Nf6 3. g3 Bc5 4. Bg2 Nc6 5. d3 h6 6. Nf3 a6 7. a3 d6 8. b4 Ba7
9. O-O Ne7 10. a4 c6 11. Ba3 O-O 12. b5 Nf5 13. e4 Nd4 14. Ne2 Nxf3+ 15. Bxf3
Bh3 16. Bg2 Bxg2 17. Kxg2 g5 18. Qd2 Nh5 19. h4 Kg7 20. Rh1 Qf6 21. d4 g4 22.
Rhf1 Qf3+ 23. Kh2 Rad8 24. dxe5 Rfe8 25. exd6 Rxe4 26. Ng1 Qf5 27. Qc3+ Bd4 28.
Qa5 Qf6 29. Rad1 c5 30. bxa6 bxa6 31. Bxc5 Bxc5 32. Qxc5 Re5 33. Qb6 Re6 34. c5
Nf4 35. Rb1 Nd3 36. Kg2 Re5 37. Qxa6 Nf4+ 38. gxf4 Qxf4 39. Qd3 Rh5 40. Qg3
Qe4+ 41. Kh2 Rxc5 42. Ra1 Rc2 43. a5 Qd4 44. Nf3 Qb4 45. Ne5 f5 46. Nd3 1-0

[Event "?"]
[Site "?"]
[Date "2016.08.13"]
[Round "3.1"]
[White "Buscher, Michael"]
[Black "Meyer, Stefan"]
[Result "1-0"]
[WhiteElo "2401"]
[BlackElo "1771"]
[PlyCount "81"]
[EventDate "2016.??.??"]
[WhiteTeam "DJK Aufwärts Aachen"]
[BlackTeam "SV Grevenbroich"]

1. e4 Nf6 2. e5 Nd5 3. d4 d6 4. c4 Nb6 5. exd6 exd6 6. Nc3 Nc6 7. d5 Ne5 8. Be2
Be7 9. f4 Ng6 10. Nf3 Nh4 11. O-O Nxf3+ 12. Bxf3 O-O 13. Qd3 Nd7 14. Be3 Nf6
15. h3 Bd7 16. Kh2 a6 17. Rae1 Qc8 18. Rg1 Bf5 19. Qd2 h5 20. Bd4 Re8 21. Bxf6
Bxf6 22. Bxh5 Qd7 23. Bf3 Rxe1 24. Rxe1 Re8 25. g4 Rxe1 26. Qxe1 Bd3 27. b3 Qe7
28. Qxe7 Bxe7 29. g5 g6 30. Be4 Bf1 31. a4 Bf8 32. Bc2 Bg7 33. Ne4 Be2 34. Kg2
b5 35. axb5 axb5 36. Ng3 Bh5 37. Nxh5 gxh5 38. Kg3 bxc4 39. bxc4 f6 40. Kh4
fxg5+ 41. fxg5 1-0

[Event "?"]
[Site "?"]
[Date "2016.08.13"]
[Round "3.2"]
[White "Whitmire, James David"]
[Black "Stark, Lars"]
[Result "1-0"]
[WhiteElo "1915"]
[BlackElo "2379"]
[PlyCount "61"]
[EventDate "2016.??.??"]
[WhiteTeam "PTSVAachen"]
[BlackTeam "Düsseldorfer SK"]

1. d4 Nf6 2. Nf3 e6 3. e3 b6 4. Bd3 Bb7 5. Nbd2 d5 6. Qe2 Be7 7. e4 a5 8. O-O
O-O 9. b3 c5 10. Bb2 a4 11. c4 a3 12. Bc3 cxd4 13. Bxd4 Nc6 14. cxd5 exd5 15.
e5 Ne8 16. Rad1 Nb4 17. Rfe1 Nxa2 18. e6 f6 19. Ng5 f5 20. Nf7 Rxf7 21. exf7+
Kxf7 22. Qe6+ Kf8 23. Qxf5+ Bf6 24. Nf3 Nb4 25. Ng5 Bc8 26. Nxh7+ Kg8 27. Rxe8+
Qxe8 28. Nxf6+ gxf6 29. Qh7+ Kf8 30. Qh8+ Ke7 31. Qxf6+ 1-0

[Event "?"]
[Site "?"]
[Date "2016.08.13"]
[Round "3.3"]
[White "Bießner, Eberhard"]
[Black "Gramb, Marius"]
[Result "0-1"]
[WhiteElo "1843"]
[BlackElo "2128"]
[PlyCount "80"]
[EventDate "2016.??.??"]
[WhiteTeam "Rheydter SV"]
[BlackTeam "Brühler SK"]

1. e4 c5 2. Nf3 d6 3. c3 Nf6 4. d3 Nc6 5. Bg5 e6 6. Nbd2 Be7 7. Be2 O-O 8. O-O
e5 9. h3 Ne8 10. Be3 f5 11. exf5 d5 12. Nb3 d4 13. cxd4 exd4 14. Bf4 Rxf5 15.
Qd2 Be6 16. Bd1 b6 17. Nh2 Rf8 18. Nc1 Bd6 19. Bxd6 Qxd6 20. f4 Nc7 21. Ne2 Nd5
22. Bb3 Ne3 23. Bxe6+ Qxe6 24. Rf3 Rae8 25. Re1 Qxa2 26. Ng4 Nxg4 27. hxg4 Qe6
28. Rg3 Nb4 29. Kf2 Nd5 30. f5 Qd6 31. Rh1 Ne3 32. Rh4 h6 33. Ng1 Qf4+ 34. Nf3
Nd5 35. Qxf4 Nxf4 36. Ne1 Re2+ 37. Kf1 Rfe8 38. Nf3 Nxd3 39. Kg1 Ne1 40. g5
Rxg2+ 0-1

[Event "?"]
[Site "?"]
[Date "2016.08.13"]
[Round "3.4"]
[White "Scharfenberg, Michael"]
[Black "Schwark, Mario"]
[Result "1-0"]
[WhiteElo "2196"]
[BlackElo "1958"]
[PlyCount "41"]
[EventDate "2016.??.??"]
[WhiteTeam "SK Köln-Worringen"]
[BlackTeam "SG Kalker/Deutzer"]

1. e4 e6 2. d4 d5 3. Nd2 c5 4. exd5 exd5 5. Ngf3 Nf6 6. c3 Nc6 7. dxc5 Bxc5 8.
Nb3 Bb6 9. Bg5 Be6 10. Bd3 h6 11. Bh4 O-O 12. O-O Kh8 13. Bc2 Ne7 14. Bxf6 gxf6
15. Nbd4 Bd7 16. Re1 Rg8 17. Qd2 Kg7 18. Nh4 Bxd4 19. Qxd4 Be6 20. Re3 Ng6 21.
Nxg6 1-0

[Event "?"]
[Site "?"]
[Date "2016.08.13"]
[Round "3.5"]
[White "Schmidt, Johannes"]
[Black "Evers, Leo"]
[Result "1/2-1/2"]
[WhiteElo "2145"]
[BlackElo "2054"]
[PlyCount "36"]
[EventDate "2016.??.??"]
[WhiteTeam "SC Illingen"]
[BlackTeam "SG Porz"]

1. c4 c5 2. g3 Nc6 3. Bg2 g6 4. Nc3 Bg7 5. Nf3 e6 6. O-O Nge7 7. d3 O-O 8. Bg5
h6 9. Bd2 a6 10. a3 Rb8 11. Rb1 b5 12. cxb5 axb5 13. Ne4 d6 14. b4 cxb4 15.
axb4 Kh7 16. Bc3 e5 17. Qb3 Be6 18. Qb2 Kg8 1/2-1/2

[Event "?"]
[Site "?"]
[Date "2016.08.13"]
[Round "3.6"]
[White "Kiehn, Andreas"]
[Black "Baltic, Fatih"]
[Result "0-1"]
[WhiteElo "1926"]
[BlackElo "2103"]
[PlyCount "86"]
[EventDate "2016.??.??"]
[WhiteTeam "Pulheimer SC"]
[BlackTeam "SG Bochum"]

1. d4 Nf6 2. c4 e6 3. g3 Bb4+ 4. Bd2 Qe7 5. Bg2 Bxd2+ 6. Qxd2 Nc6 7. Nc3 e5 8.
d5 Nb8 9. d6 Qxd6 10. Qxd6 cxd6 11. Nb5 Kd8 12. Nxd6 Rf8 13. Nxb7+ Kc7 14. Nd6
Nc6 15. O-O-O Rb8 16. Nh3 h6 17. Nb5+ Kb6 18. e4 Ba6 19. Nd6 Kc7 20. b3 g6 21.
f4 Ne8 22. Nxe8+ Rfxe8 23. Rd2 d6 24. Rhd1 Rbd8 25. Nf2 Re7 26. Ng4 Bb7 27.
Nxh6 Bc8 28. f5 Rh8 29. Ng4 gxf5 30. exf5 Bxf5 31. Ne3 Be6 32. Bxc6 Kxc6 33.
Rxd6+ Kc7 34. R1d2 Rxh2 35. Rxh2 Kxd6 36. Rh6 Kc5 37. g4 Rd7 38. g5 Rd3 39. Nc2
Rg3 40. Rh5 Bf5 41. g6 fxg6 42. Rh2 Rc3 43. Re2 Rxc2+ 0-1

[Event "?"]
[Site "?"]
[Date "2016.08.13"]
[Round "3.7"]
[White "Hoffmann, Philipp"]
[Black "Gülsen, Taylan"]
[Result "1/2-1/2"]
[WhiteElo "1845"]
[BlackElo "2063"]
[PlyCount "103"]
[EventDate "2016.??.??"]
[WhiteTeam "Oberbilker SV"]
[BlackTeam "SG Niederkassel"]

1. e4 d6 2. d4 Nf6 3. Nc3 e5 4. dxe5 dxe5 5. Bd3 Bc5 6. h3 O-O 7. Nf3 h6 8. O-O
Nbd7 9. Qe2 c6 10. Na4 Be7 11. Be3 b5 12. Nc3 a6 13. Rfd1 Qc7 14. a4 b4 15. Nb1
Nc5 16. Nbd2 Nxd3 17. cxd3 a5 18. Nc4 Nd7 19. b3 c5 20. Bc1 Rd8 21. Bb2 f6 22.
Ne3 Nf8 23. Nd5 Qb7 24. Nd2 Be6 25. Nxe7+ Qxe7 26. Nc4 Bf7 27. Bc1 Ne6 28. Be3
Nd4 29. Bxd4 Rxd4 30. Qc2 Bxc4 31. dxc4 Rad8 32. Kf1 Qb7 33. f3 Qd7 34. Ke2 Qd6
35. Rxd4 exd4 36. Kd3 Re8 37. Qf2 f5 38. Rf1 Qf4 39. Qe1 Rf8 40. exf5 Qxf5+ 41.
Qe4 Qxe4+ 42. Kxe4 Rd8 43. Rd1 Kf7 44. f4 Kf6 45. g4 g6 46. h4 h5 47. g5+ Ke6
48. Kf3 d3 49. Re1+ Kf7 50. Rd1 Ke6 51. Re1+ Kf7 52. Rd1 1/2-1/2

[Event "?"]
[Site "?"]
[Date "2016.08.13"]
[Round "3.8"]
[White "Arlt, Klaus"]
[Black "Berkle, Pascal"]
[Result "1/2-1/2"]
[WhiteElo "2054"]
[BlackElo "1908"]
[PlyCount "50"]
[EventDate "2016.??.??"]
[WhiteTeam "Ford SF Köln"]
[BlackTeam "SV Erftstadt"]

1. c4 Nc6 2. Nf3 e5 3. d3 f5 4. Nc3 Nf6 5. g3 Bb4 6. Bd2 O-O 7. Bg2 d6 8. O-O
Qe8 9. Nd5 Nxd5 10. cxd5 Bxd2 11. Nxd2 Ne7 12. Qc2 c6 13. dxc6 bxc6 14. Rac1
Bd7 15. Nc4 Rf6 16. Qb3 Kh8 17. Qa3 Nc8 18. Na5 d5 19. Rc2 f4 20. Rfc1 Nd6 21.
Nb3 Qh5 22. Bf3 Qh3 23. Bg2 Qh5 24. Bf3 Qh3 25. Bg2 Qh5 1/2-1/2

[Event "?"]
[Site "?"]
[Date "2016.08.13"]
[Round "3.9"]
[White "Heinichen, Nils"]
[Black "Schmidt, Bodo"]
[Result "1-0"]
[WhiteElo "2113"]
[BlackElo "1811"]
[PlyCount "128"]
[EventDate "2016.??.??"]
[WhiteTeam "SV Würselen"]
[BlackTeam "SK Köln-Worringen"]

1. d4 Nf6 2. Nf3 d5 3. c4 e6 4. Nc3 Be7 5. e3 O-O 6. b3 b6 7. Bd3 Bb7 8. O-O
Nbd7 9. Bb2 c5 10. Qe2 Ne4 11. Rfd1 cxd4 12. exd4 Nxc3 13. Bxc3 Nf6 14. Ne5 Rc8
15. Bb2 Rc7 16. Rac1 Qa8 17. f3 Rfc8 18. Qe1 a5 19. Qg3 a4 20. Qf2 Qa5 21. Bc3
Bb4 22. Bb2 a3 23. Ba1 Qa7 24. Qh4 Be7 25. Qe1 Ba6 26. Rc2 Bb7 27. Rdc1 Bd6 28.
Qh4 h6 29. Kh1 Bb4 30. Qf4 Bd6 31. Bc3 Ne8 32. Qe3 Nf6 33. Be1 Qb8 34. Bg3 Nh5
35. Be1 f6 36. Ng6 Rf7 37. g3 Re8 38. c5 bxc5 39. dxc5 d4 40. Qe2 Bc7 41. c6
Bc8 42. Bf2 f5 43. f4 Nf6 44. Bxd4 Bb6 45. Bxb6 Qxb6 46. Ne5 Rc7 47. Rc5 Ree7
48. R1c4 Ba6 49. Rc2 Bxd3 50. Nxd3 Ne4 51. R5c4 Re8 52. Kg2 Rec8 53. Ne5 Qa5
54. Ra4 Qd5 55. Qc4 Nf6+ 56. Qxd5 Nxd5 57. Kf3 Kf8 58. b4 Ke7 59. b5 Rb8 60.
Rc5 Kd6 61. Nd3 Rb6 62. Rxa3 Nb4 63. Re5 Nc2 64. Ra5 Nb4 1-0

[Event "?"]
[Site "?"]
[Date "2016.08.13"]
[Round "3.10"]
[White "Spindler, Florian"]
[Black "Bussard, Christian"]
[Result "0-1"]
[WhiteElo "1906"]
[BlackElo "2195"]
[PlyCount "134"]
[EventDate "2016.??.??"]
[WhiteTeam "SG Porz"]
[BlackTeam "SG Niederkassel"]

1. d4 Nf6 2. c4 e6 3. Nf3 b6 4. Nc3 Bb7 5. g3 Bb4 6. Bd2 O-O 7. Bg2 c5 8. O-O
cxd4 9. Nxd4 Bxg2 10. Kxg2 Qc8 11. Qb3 Qb7+ 12. Kg1 Bc5 13. Nf3 Nc6 14. Bg5 Na5
15. Qc2 Be7 16. b3 h6 17. Bc1 Rac8 18. Qd3 Rfd8 19. Bb2 Nc6 20. e4 Nb4 21. Qe2
d6 22. Rfd1 Ne8 23. Rd2 Bf6 24. Rad1 a6 25. e5 dxe5 26. Rxd8 Rxd8 27. Rxd8 Bxd8
28. Nxe5 Bc7 29. Nd3 Nxd3 30. Qxd3 Nf6 31. Ba3 Qc6 32. Be7 Nd7 33. Qe4 Qxe4 34.
Nxe4 f5 35. Nd6 Bxd6 36. Bxd6 e5 37. f3 Kf7 38. Kf2 Ke6 39. Ba3 g5 40. Ke3 h5
41. h3 Nf6 42. Bb2 f4+ 43. Kf2 fxg3+ 44. Kxg3 Kf5 45. Bc1 e4 46. Be3 exf3 47.
Kxf3 g4+ 48. hxg4+ hxg4+ 49. Ke2 Nd7 50. b4 Ke4 51. a4 g3 52. Bg1 Ne5 53. c5 b5
54. axb5 axb5 55. Kf1 Kf3 56. Bd4 Nc6 57. Bc3 g2+ 58. Kg1 Kg3 59. Be1+ Kh3 60.
Bc3 Kg3 61. Be1+ Kf3 62. Bc3 Nd8 63. Bf6 Ne6 64. Be5 Ng5 65. Bd4 Kg3 66. Be5+
Kh3 67. Kf2 Nf3 0-1

[Event "?"]
[Site "?"]
[Date "2016.08.13"]
[Round "3.11"]
[White "Lindam, Ingo"]
[Black "Sewald, Kathrin"]
[Result "1/2-1/2"]
[WhiteElo "2078"]
[BlackElo "1858"]
[PlyCount "260"]
[EventDate "2016.??.??"]
[WhiteTeam "Kölner SK Dr. Lasker"]
[BlackTeam "SG Porz"]

1. d4 c5 2. d5 e5 3. e4 d6 4. Nc3 g6 5. Be2 Bg7 6. h4 h6 7. Nf3 Ne7 8. Nd2 Bd7
9. Nc4 Nc8 10. a4 O-O 11. h5 g5 12. Nb5 Be8 13. Bg4 Bd7 14. Be2 Be8 15. Bg4 Bd7
16. Ne3 Ne7 17. Bf5 Nxf5 18. exf5 Bxb5 19. axb5 a5 20. O-O b6 21. Nc4 Qc7 22.
Ra3 Nd7 23. Rg3 Bf6 24. Nd2 Kh7 25. Ne4 Be7 26. Re1 Rg8 27. c4 Rae8 28. Bd2 Ra8
29. Qc2 f6 30. Rg4 Kh8 31. f3 Qd8 32. Kf2 Nf8 33. Rh1 Nh7 34. Ke2 Qd7 35. Ng3
Ra7 36. Re4 Bd8 37. Re3 Re8 38. Re1 Qf7 39. Ne4 Rd7 40. Nf2 Be7 41. Kd1 Bf8 42.
Re4 Bg7 43. Rh1 Rde7 44. Re2 Rd7 45. Ne4 Bf8 46. Nc3 Be7 47. Qe4 Bd8 48. Kc2
Rde7 49. Nd1 Rd7 50. Nf2 Be7 51. Ng4 Bf8 52. g3 Rde7 53. Qd3 Bg7 54. Rhe1 Rf8
55. Bc3 Rfe8 56. Ra1 Kg8 57. Qe4 Bf8 58. Bd2 Bg7 59. Be3 Rc7 60. Qd3 Kh8 61.
Rh1 Rf8 62. Nf2 Qd7 63. Bd2 Rcc8 64. Ne4 Rcd8 65. Nc3 Rde8 66. Rhe1 Re7 67. Na4
Qd8 68. f4 Qc7 69. Nc3 Ref7 70. Ne4 Qd8 71. Qf3 Qd7 72. Qg4 Rg8 73. Qh3 Bf8 74.
fxg5 fxg5 75. g4 Nf6 76. Nc3 Be7 77. Qg2 Bd8 78. Rf1 Rff8 79. Na4 Qh7 80. Bc3
Nd7 81. b3 Bf6 82. Bb2 Qg7 83. Rfe1 Re8 84. Nc3 Qf8 85. Rf1 Kh7 86. Ne4 Rg7 87.
Ref2 Rg8 88. Qf3 Qe7 89. Qd3 Qf8 90. Bc1 Qe7 91. Bd2 Ref8 92. Kb1 Rf7 93. Be3
Kh8 94. Ra2 Nf8 95. Kc2 Nh7 96. Rfa1 Qc7 97. Kd2 Rff8 98. Ke2 Rb8 99. Bf2 Qe7
100. Kf1 Rb7 101. Kg2 Qc7 102. Be3 Qe7 103. Qc2 Rg7 104. Qf2 Qc7 105. Kh2 Kg8
106. Ra4 Kf7 107. Bd2 Rg8 108. Bc3 Rd8 109. R4a2 Qe7 110. Re1 Qc7 111. Rae2 Re8
112. Kh3 Re7 113. Qf3 Rb8 114. Qd3 Nf8 115. Qd1 Rbe8 116. Qa1 Nd7 117. Rf2 Kg7
118. Qc1 Kf7 119. Bd2 Rg8 120. Be3 Rge8 121. Rfe2 Qb8 122. Bd2 Rg8 123. Be3 Qc7
124. Ra2 Qb8 125. Bf2 Rge8 126. Qd2 Kg7 127. Be3 Kf7 128. Rf1 Rg8 129. Raa1 Kg7
130. Qf2 Qc7 1/2-1/2

[Event "?"]
[Site "?"]
[Date "2016.08.13"]
[Round "3.12"]
[White "Hertling, Jürgen"]
[Black "Suvorov, Alexander"]
[Result "1/2-1/2"]
[WhiteElo "1842"]
[BlackElo "2059"]
[PlyCount "84"]
[EventDate "2016.??.??"]
[WhiteTeam "SF Köln-Mülheim"]
[BlackTeam "SG Porz"]

1. d4 Nf6 2. c4 g6 3. Nf3 Bg7 4. Nc3 d6 5. e4 O-O 6. Be2 Nbd7 7. O-O e5 8. Ne1
Re8 9. d5 Nc5 10. f3 a5 11. Be3 Rf8 12. Nd3 b6 13. Nxc5 bxc5 14. Qd2 Ne8 15.
Rf2 f5 16. f4 exf4 17. Bxf4 Rb8 18. exf5 Bxf5 19. Raf1 Qd7 20. b3 Nf6 21. Bh6
Rbe8 22. Bxg7 Qxg7 23. Bd3 Ng4 24. Bxf5 Nxf2 25. Be6+ Kh8 26. Rxf2 Rxf2 27.
Kxf2 Rf8+ 28. Kg1 Qe5 29. Ne2 Kg7 30. Qc3 Kf6 31. Qxe5+ Kxe5 32. Nc3 Rf4 33.
Bg8 h6 34. Ne2 Rf8 35. Be6 c6 36. g3 cxd5 37. Bxd5 g5 38. Kg2 Rf6 39. h3 Rf8
40. g4 Rf6 41. Bf3 Rf8 42. Kf2 Rb8 1/2-1/2

[Event "?"]
[Site "?"]
[Date "2016.08.13"]
[Round "3.13"]
[White "Liebsch, Felix"]
[Black "Weiler, Wolfgang"]
[Result "0-1"]
[WhiteElo "1808"]
[BlackElo "2047"]
[PlyCount "64"]
[EventDate "2016.??.??"]
[WhiteTeam "SC Bayer Leverkusen"]
[BlackTeam "Godesberger SK"]

1. e4 e5 2. Nf3 Nf6 3. Nxe5 Nxe4 4. Qe2 Qe7 5. Qxe4 d6 6. d4 dxe5 7. Qxe5 Qxe5+
8. dxe5 Bf5 9. Bd3 Bxd3 10. cxd3 Nc6 11. O-O O-O-O 12. Bf4 Nb4 13. Nc3 Nxd3 14.
Bg3 h5 15. h4 Bc5 16. Ne4 Bd4 17. Ng5 Rhe8 18. Nxf7 Rd7 19. Ng5 Bxe5 20. Bxe5
Rxe5 21. b3 c5 22. Rad1 Re2 23. a4 Rd6 24. Nf3 Kc7 25. Rd2 Rxd2 26. Nxd2 Rd4
27. Nf3 Rb4 28. Ng5 Kd6 29. Rd1 Rxb3 30. Ne4+ Kd5 31. f3 c4 32. Kf1 Kd4 0-1

[Event "?"]
[Site "?"]
[Date "2016.08.13"]
[Round "3.14"]
[White "Bausch, Thomas"]
[Black "Müdder, Melanie"]
[Result "1-0"]
[WhiteElo "2037"]
[BlackElo "1503"]
[PlyCount "121"]
[EventDate "2016.??.??"]
[WhiteTeam "Pulheimer SC"]
[BlackTeam "SG Solingen"]

1. g3 c5 2. Nf3 Nc6 3. Bg2 Nf6 4. O-O g6 5. c4 Bg7 6. Nc3 O-O 7. d3 d6 8. a3
Rb8 9. Rb1 a6 10. b4 cxb4 11. axb4 b5 12. cxb5 axb5 13. d4 Bf5 14. Rb3 Ne4 15.
Nxe4 Bxe4 16. d5 Bxf3 17. exf3 Nd4 18. Rd3 Nf5 19. Bf4 Qc7 20. Qd2 Rfc8 21. Rb1
Qc2 22. Qxc2 Rxc2 23. Bf1 Rc3 24. Rxc3 Bxc3 25. g4 Nd4 26. Kg2 f6 27. Bd3 Kf7
28. Be3 e6 29. Rc1 Bb2 30. Rc7+ Kg8 31. dxe6 Nxe6 32. Rd7 Be5 33. Be4 Rd8 34.
Rxd8+ Nxd8 35. Bb6 Nf7 36. Bc6 Bc3 37. Ba5 Ne5 38. Bxb5 d5 39. Kg3 d4 40. f4
Nf7 41. Kf3 Nd6 42. Bc6 Kf8 43. Bb6 Bxb4 44. Bxd4 Ke7 45. g5 f5 46. Bd5 Kf8 47.
Be3 Nb5 48. Bc4 Na3 49. Bd3 Ke7 50. h4 Kd6 51. h5 Ke7 52. hxg6 hxg6 53. Ke2 Kd6
54. Kd1 Kd5 55. Ba6 Nc4 56. Bb7+ Ke6 57. Bd4 Nd6 58. Bc6 Kf7 59. Bd5+ Ke8 60.
Ke2 Nb5 61. Bc6+ 1-0

[Event "?"]
[Site "?"]
[Date "2016.08.13"]
[Round "3.15"]
[White "Mandt, Joachim"]
[Black "Esser, Thomas"]
[Result "0-1"]
[WhiteElo "1790"]
[BlackElo "2009"]
[PlyCount "82"]
[EventDate "2016.??.??"]
[WhiteTeam "SF Stadtverwaltung Bonn"]
[BlackTeam "PTSVAachen"]

1. e4 c5 2. c3 Nf6 3. e5 Nd5 4. Nf3 Nc6 5. Bc4 e6 6. O-O d6 7. d4 cxd4 8. cxd4
Be7 9. exd6 Qxd6 10. a3 O-O 11. Re1 Rd8 12. Nc3 Nb6 13. Nb5 Qd7 14. Bb3 a6 15.
Nc3 Nxd4 16. Ne5 Qc7 17. Ba2 Nc6 18. Qh5 g6 19. Qh3 Nxe5 20. Bf4 Bd6 21. Rad1
Nd5 22. Bg5 Bd7 23. Ne4 f5 24. Bxd8 Rxd8 25. Ng5 Bc8 26. Rxd5 exd5 27. Bxd5+
Kh8 28. Bf7 h5 29. Qb3 Kg7 30. Be6 Be7 31. Nh3 Bxe6 32. Qxe6 Qd6 33. Nf4 Bf6
34. Qb3 Rd7 35. Ne6+ Kh7 36. f4 Nd3 37. Ng5+ Bxg5 38. Re8 Qd4+ 39. Kh1 Nf2+ 40.
Kg1 Nh3+ 41. Kh1 Qg1# 0-1

[Event "?"]
[Site "?"]
[Date "2016.08.13"]
[Round "3.16"]
[White "Engel, Johann"]
[Black "Lambertz, Michael"]
[Result "0-1"]
[WhiteElo "1771"]
[BlackElo "2002"]
[PlyCount "116"]
[EventDate "2016.??.??"]
[WhiteTeam "Brühler SK"]
[BlackTeam "SF Esch"]

1. d4 Nf6 2. Nf3 d5 3. Bf4 e6 4. e3 Ne4 5. Nbd2 g5 6. Bg3 h5 7. h3 Nxg3 8. fxg3
Bd6 9. Kf2 f5 10. c4 c6 11. c5 Bc7 12. Bd3 Qf6 13. b4 Nd7 14. a4 e5 15. Bc2 f4
16. gxf4 gxf4 17. exf4 e4 18. Qe2 O-O 19. Nxe4 dxe4 20. Qxe4 Qg7 21. g3 Nf6 22.
Qd3 Nd5 23. Bb3 Bf5 24. Qd2 Be4 25. Rhe1 Bxf3 26. Kxf3 Rae8 27. Bxd5+ cxd5 28.
Rxe8 Rxe8 29. Re1 Re4 30. Rxe4 dxe4+ 31. Kf2 Qd7 32. d5 Qxh3 33. Qe3 h4 34.
gxh4 Qh2+ 35. Ke1 Qxh4+ 36. Kd1 Qg4+ 37. Ke1 Bxf4 38. Qd4 e3 39. Qd3 Qg1+ 40.
Qf1 Qg3+ 41. Kd1 Kf7 42. c6 Qg4+ 43. Qe2 Qg1+ 44. Qe1 Qg2 45. cxb7 Qxd5+ 46.
Kc2 Qxb7 47. Qh4 Qe4+ 48. Kb3 e2 49. Qh5+ Ke7 50. Qc5+ Ke6 51. Qc8+ Ke5 52.
Qc7+ Kf5 53. Qh7+ Ke5 54. Qc7+ Kf6 55. Qd8+ Kg6 56. Qg8+ Kh5 57. Qh8+ Kg4 58.
Qc8+ Kg3 0-1

[Event "?"]
[Site "?"]
[Date "2016.08.13"]
[Round "3.17"]
[White "Frühauf, Norbert"]
[Black "Michels, Holger"]
[Result "1/2-1/2"]
[WhiteElo "1935"]
[BlackElo "1814"]
[PlyCount "95"]
[EventDate "2016.??.??"]
[WhiteTeam "SC Rottal-Inn"]
[BlackTeam "SG Mörsdorf-Lahr"]

1. e4 e6 2. d4 d5 3. Nc3 Bb4 4. e5 Ne7 5. Bd2 c5 6. Nb5 O-O 7. c3 Ba5 8. Qg4
cxd4 9. Nxd4 Nbc6 10. Nxc6 bxc6 11. Bd3 Ng6 12. Nf3 Bc7 13. Qh5 Qe8 14. O-O a5
15. Rfe1 Ba6 16. Bc2 Rb8 17. b3 Bd8 18. Re3 h6 19. Ree1 Ne7 20. Qg4 f5 21. exf6
Rxf6 22. Bf4 Ra8 23. Be5 Rf7 24. Bd4 Bc7 25. Ne5 Bxe5 26. Rxe5 Bc8 27. Rae1 Qf8
28. Bc5 Rf4 29. Qg3 Rf6 30. Qd3 g6 31. Qh3 Qg7 32. Bxe7 Qxe7 33. Qxh6 Qc5 34.
Qe3 Qa3 35. Qg3 Ra7 36. R5e2 Rg7 37. Bb1 Qf8 38. Qg5 Bd7 39. Qe3 c5 40. Qd3 Qb8
41. Re5 Rh7 42. Qe3 c4 43. Bc2 cxb3 44. axb3 Qc7 45. g4 Rhf7 46. Qd3 Qc5 47.
R1e2 Rxf2 48. Qd4 1/2-1/2

[Event "?"]
[Site "?"]
[Date "2016.08.13"]
[Round "3.18"]
[White "Langner, Jasper"]
[Black "Lobe, Sandra"]
[Result "1-0"]
[WhiteElo "1657"]
[BlackElo "1912"]
[PlyCount "117"]
[EventDate "2016.??.??"]
[WhiteTeam "Klub Kölner SF"]
[BlackTeam "SK Kerpen"]

1. e4 d6 2. d4 Nf6 3. Nc3 g6 4. Be2 Bg7 5. h4 h5 6. Nf3 c6 7. O-O Qc7 8. Bf4
Ng4 9. Qd2 e5 10. dxe5 dxe5 11. Bg3 O-O 12. Rad1 Re8 13. Bc4 Qe7 14. Ng5 Nh6
15. Bb3 Nd7 16. a3 Nc5 17. Ba2 Ne6 18. Nxe6 Bxe6 19. Bxe6 Qxe6 20. Qd7 Qxd7 21.
Rxd7 Rab8 22. f3 Red8 23. Rfd1 Rxd7 24. Rxd7 Bf6 25. Bf2 Kf8 26. Bxa7 Ke8 27.
Rxf7 Nxf7 28. Bxb8 Bxh4 29. Ba7 Nd6 30. Bf2 Bg5 31. b3 Bd2 32. Nb1 Ba5 33. Bc5
Kd7 34. Kf1 Bd8 35. Ke2 b6 36. Be3 Nb5 37. Kd3 Nd6 38. Nc3 Kc7 39. a4 Kb7 40.
Kd2 Be7 41. Kd3 Bd8 42. Ne2 Kc8 43. f4 Nf7 44. fxe5 Nxe5+ 45. Kd2 Nf7 46. Nf4
g5 47. Nxh5 Bc7 48. Nf6 Bd8 49. Ng4 Kd7 50. Kd3 Ke6 51. Kd4 Bc7 52. b4 Bd8 53.
c4 Nd6 54. c5 bxc5+ 55. Kxc5 Kd7 56. Ne5+ Kc7 57. Nxc6 Nxe4+ 58. Kd4 Kxc6 59.
Kxe4 1-0

[Event "?"]
[Site "?"]
[Date "2016.08.13"]
[Round "3.19"]
[White "Asadzade, Idris"]
[Black "Spiesberger, Gerhard"]
[Result "1/2-1/2"]
[WhiteElo "1760"]
[BlackElo "2063"]
[PlyCount "111"]
[EventDate "2016.??.??"]
[WhiteTeam "Königsspringer Leverkusen"]
[BlackTeam "SC Rottal-Inn"]

1. Nf3 d6 2. d4 Nc6 3. c4 e5 4. dxe5 Nxe5 5. Nxe5 dxe5 6. Qxd8+ Kxd8 7. g3 Be6
8. b3 c6 9. Bg2 Bb4+ 10. Bd2 Bxd2+ 11. Nxd2 Kc7 12. O-O Rd8 13. Ne4 f6 14. Rfd1
Ne7 15. Nc5 Bc8 16. e3 b6 17. Na4 Bg4 18. f3 Bh5 19. Nc3 Bg6 20. e4 a6 21. Rac1
Bf7 22. Bh3 Rd4 23. Ne2 Rdd8 24. Nc3 g6 25. Kf2 f5 26. Rxd8 Rxd8 27. Rd1 Rxd1
28. Nxd1 Kd6 29. Nb2 b5 30. cxb5 cxb5 31. Ke3 Be6 32. Bf1 g5 33. Nd3 fxe4 34.
fxe4 Nc6 35. Be2 g4 36. Bd1 a5 37. Bc2 Nd4 38. Bd1 h5 39. Nc1 Bd7 40. Nd3 Ne6
41. Be2 Ng5 42. Nf2 Bc6 43. Bd1 Ke6 44. Be2 Kf6 45. Bd1 Ne6 46. Nd3 b4 47. Be2
Nd4 48. Bd1 Ke6 49. Nc5+ Kd6 50. Nd3 Bb5 51. Ne1 Bf1 52. Nd3 Nb5 53. Nc1 Nc3
54. Bc2 Kc5 55. Bd3 Bg2 56. Bc2 1/2-1/2

[Event "?"]
[Site "?"]
[Date "2016.08.13"]
[Round "3.20"]
[White "Maric, Boris"]
[Black "Krohn, Malte Till"]
[Result "1-0"]
[WhiteElo "2047"]
[BlackElo "1831"]
[PlyCount "83"]
[EventDate "2016.??.??"]
[WhiteTeam "SV Grünfeld"]
[BlackTeam "PTSVAachen"]

1. c4 c6 2. g3 d5 3. Bg2 Nf6 4. Nf3 g6 5. b3 Bg7 6. d4 O-O 7. O-O Re8 8. Bb2
Ne4 9. Nfd2 Nxd2 10. Nxd2 dxc4 11. Nxc4 Nd7 12. Rc1 Nb6 13. e4 Nxc4 14. bxc4 c5
15. e5 cxd4 16. Bxd4 Qa5 17. Qe2 Rb8 18. Rb1 b6 19. Rb5 Qa6 20. Qb2 Rd8 21. Bc3
Bd7 22. Rb4 Be6 23. c5 Qc8 24. c6 Qc7 25. a4 Rd3 26. Be4 Rxc3 27. Qxc3 Bxe5 28.
Qc2 Bd6 29. Rbb1 Bc5 30. Qc3 Bd7 31. Qf3 Be6 32. Rfd1 Qc8 33. Rd2 Qc7 34. Rbd1
Bd6 35. h4 h5 36. Qd3 Kg7 37. Kg2 Qc8 38. Qc3+ Kg8 39. Qd3 Kg7 40. Kh2 Qc7 41.
Re1 Bb4 42. Qd4+ 1-0

[Event "?"]
[Site "?"]
[Date "2016.08.13"]
[Round "3.21"]
[White "Hajek, Florian"]
[Black "Müdder, Rafael"]
[Result "0-1"]
[WhiteElo "1815"]
[BlackElo "2030"]
[PlyCount "120"]
[EventDate "2016.??.??"]
[WhiteTeam "Pulheimer SC"]
[BlackTeam "Rheydter SV"]

1. e4 c5 2. Nf3 Nc6 3. d4 cxd4 4. Nxd4 g6 5. Nxc6 bxc6 6. Bd3 Bg7 7. c3 Nf6 8.
O-O O-O 9. Be3 d5 10. Nd2 Qc7 11. f3 e5 12. Qc2 dxe4 13. Nxe4 Nd5 14. Bf2 f5
15. Nd2 Bh6 16. Bc4 Kh8 17. Rae1 Rd8 18. Bxd5 Rxd5 19. Nc4 Bg7 20. Ne3 Rd8 21.
Rd1 Ba6 22. Rxd8+ Rxd8 23. Rd1 Bh6 24. b3 Bg5 25. Nf1 Rd7 26. c4 Qd8 27. Rxd7
Qxd7 28. Qc3 Bf6 29. f4 Qc7 30. fxe5 Bxe5 31. Bd4 Bxd4+ 32. Qxd4+ Kg8 33. Kf2
Bb7 34. Qe3 c5 35. Qe8+ Kg7 36. Qe3 Kf6 37. Nd2 Qxh2 38. Nf3 Bxf3 39. Qxf3 Qh4+
40. Kf1 Qe4 41. Qc3+ Qe5 42. Qa5 Qe7 43. Qc3+ Qe5 44. Qa5 Qf4+ 45. Kg1 Qe3+ 46.
Kh1 Qe7 47. Qc3+ Kf7 48. Qh8 Qh4+ 49. Kg1 g5 50. Qc8 Qe1+ 51. Kh2 Qe5+ 52. Kg1
g4 53. Qd7+ Kg6 54. Qd1 h5 55. Qd2 h4 56. Kf1 Qd4 57. Qxd4 cxd4 58. c5 Kf6 59.
c6 Ke6 60. b4 h3 0-1